25 réfs françaises - Statistiques

Statistiques générales
  • Ce quiz a été pris 1 525 fois
  • Le résultat moyen est 5 sur 25
Statistiques - réponses
Hint Réponse % Correct
Encore ! Ca fait beaucoup ... là non
96%
Moi tu me m'parle [...] pas d'âge
72%
Tu es triste ? Arrête
63%
- Allo Bassem ?- Ouais - [...] Ouais c'est greg
38%
J'adore l'eau, dans [...] 20 30 ans y'en aura plus
35%
C'est tout simplement [...] une hallucination collective
35%
Jeanne !!! au secours
33%
Bah ouais ! ahahah [...] logique
22%
Rend moi mes chipsss !!!!! Il est tombé
16%
Mais après pour parler de ce gestion sponsoring, [...], vous le savez mieux que moi. le football il a changer
11%
Faites du bruit tellement [...] c'était claqué au sol
10%
Parce que on a tous des téléphones portables qui donnent l'heure nikel. Hop 16h20 Hop 3h00 du mat Hop 11h10 [...] Hop ta gueule
9%
- Attendez ! Mais qui êtes-vous ?- [...] FD* !!!! j'suis spider-man
9%
- Il est lent ce lait.- Comment-ça ? - [...] D'habitude ça va vite
7%
Hibidi hibidi hop tu me vois plus [...] je te bloque
7%
Premier avertissement ! ta mère elle suce des ours !
7%
Waouuhhhh qu'est-ce [...] que c'est que ce truc là
6%
J'ai le droit [...] de vivre un peu
5%
- Nous avons une demande d'amis !- [...] ! mais je m'en bas les couilles de ta demande d'ami
5%
Elles peuvent arriver à 10, wesh wesh wesh wesh quoi ! [...] L'histoire elle est réglée. C'est des gonzesses Un frontkick t'es dans l'eau
3%
Si t'es un homme tu viens ici, [...], j'te le dis le caveau de mon père et de ma mère tu vas partir mal ! et la tu vas repartir mal mon copain
2%
- je voudrais Benzema en équipe de France ! - Ah! [...] tu veux pas milles balles plutôt ?
1%
fin de contrôle tous ça pour ça, regardez moi lui, [...] il est tout fâché
0%
Vas-y gaz, [...] wallah gaz, attetion avec ton taser j't'ai vu vas-y gaz le bigshow gaz
0%
J'en ai vu des choses Wola j'en ai vu des choses
0%
Aucun quiz correspondant
Distribution des résultats
% des personnes avec chaque résultat
Percentile par nombre de réponses
Votre historique - résultats
Vous n’avez pas pris ce quiz